|
|
|
|
| LEADER |
00000nam0a2200000 4500 |
| 001 |
284457 |
| 005 |
20231101235709.0 |
| 020 |
|
|
|a RU
|b 85-38340
|
| 035 |
|
|
|a (RuTPU)RU\TPU\book\308623
|
| 090 |
|
|
|a 284457
|
| 100 |
|
|
|a 20150216d1984 k y0rusy5003 ca
|
| 101 |
0 |
|
|a rus
|
| 102 |
|
|
|a KZ
|
| 105 |
|
|
|a a z 001zy
|
| 200 |
1 |
|
|a Геология рудных районов и месторождений твердых полезных ископаемых Казахстана
|e сборник научных трудов
|f Казахский научно-исследовательский институт минерального сырья ; под ред. Г. Р. Бекжанова
|
| 210 |
|
|
|a Алма-Ата
|c Изд-во КазИМС
|d 1984
|
| 215 |
|
|
|a 202 с.
|c ил.
|
| 320 |
|
|
|a Библиогр. в конце ст.
|
| 606 |
1 |
|
|a Месторождения полезных ископаемых
|x Геология
|2 stltpush
|3 (RuTPU)RU\TPU\subj\42231
|9 61918
|
| 610 |
1 |
|
|a рудные районы
|
| 610 |
1 |
|
|a твердые полезные ископаемые
|
| 610 |
1 |
|
|a Казахстан
|
| 610 |
1 |
|
|a региональная геология
|
| 610 |
1 |
|
|a минеральное сырье
|
| 610 |
1 |
|
|a структурные особенности
|
| 610 |
1 |
|
|a локализация
|
| 610 |
1 |
|
|a рудные поля
|
| 610 |
1 |
|
|a метасоматизм
|
| 610 |
1 |
|
|a цветные металлы
|
| 610 |
1 |
|
|a редкие металлы
|
| 610 |
1 |
|
|a благородные металлы
|
| 675 |
|
|
|a 553(574/.575)
|v 3
|
| 702 |
|
1 |
|a Бекжанов
|b Г. Р.
|g Гинаят Рахметуллич
|4 340
|
| 712 |
0 |
2 |
|a Казахский научно-исследовательский институт минерального сырья
|2 stltpush
|3 (RuTPU)RU\TPU\col\8431
|9 24524
|
| 801 |
|
0 |
|a RU
|b RuMRKP
|c 19950704
|g psbo
|
| 801 |
|
1 |
|a RU
|b 63413507
|c 20150216
|
| 801 |
|
2 |
|a RU
|b 63413507
|c 20171025
|g RCR
|
| 942 |
|
|
|c BK
|